[Event "EU-chT (Men) 21st"]
[Site "Heraklion"]
[Date "2017.10.31"]
[Round "4.1"]
[White "Navara, David"]
[Black "Markus, Robert"]
[Result "1-0"]
[WhiteElo "2726"]
[BlackElo "2644"]
[Annotator "Navara,D"]
[PlyCount "71"]
[EventDate "2017.10.28"]
[EventType "team-swiss"]
[EventRounds "9"]
[EventCountry "GRE"]
[SourceTitle "CBM 182"]
[Source "ChessBase"]
[SourceDate "2018.01.17"]
[SourceVersion "1"]
[SourceVersionDate "2018.01.17"]
[SourceQuality "1"]
[WhiteTeam "Czech Republic"]
[BlackTeam "Serbia"]
[WhiteTeamCountry "CZE"]
[BlackTeamCountry "SRB"]

{Robert Markus played altogether 7 games in that tournament. Curiously, they
were all won by White! I was lucky not to be playing against him with Black.} 
1. d4 Nf6 2. c4 d6 3. Nf3 Nbd7 4. Nc3 g6 5. g3 {I noticed that my opponent had
played some inferior sidelines against the fianchetto. After some serious
preparation I decided to enter less known territory. It was already too late
for a change when I noticed that my opponent had been playing this line with
White himself!} Bg7 6. Bg2 O-O 7. O-O e5 8. e4 exd4 9. Nxd4 Re8 10. h3 Nc5 11.
Re1 Bd7 $5 (11... a5 12. b3 (12. Ndb5 $5) 12... c6 13. Bf4 $14 {is known to be
pleasant for White.}) 12. Bf4 {I studied the King's Indian Defence with g2-g3
in my childhood. I remembered some motifs with Qd8-c8 Kg1-h2 Re8-e5-h5 and
wanted to prevent the rook lift.} h6 $1 {Black's setup is quite clever. He is
preparing the advance g6-g5. White has a superior pawn structure, but he lacks
the control of the central squares.} 13. Qc2 (13. e5 $5 {is not as bad a move
as it looks. Still, Black has more than one way to equality:} Nh5 (13... dxe5
14. Bxe5 c6 (14... Nfe4 15. Bxg7 Nxc3 16. bxc3 Kxg7 17. Nb3 $1 {might also be
equal, but Black still needs to prove that.}) 15. Qc2 (15. Nb3 Nxb3 16. Qxb3
Qc8 $5 (16... Qb6 $11) 17. g4 Rxe5 18. Rxe5 Nxg4 19. Ree1 Nf6 $44 {has been
played in a correspondence game Oppermann - Balutescu, 2015, which eventually
finished in a draw.}) 15... Qb6 16. Rad1 Nh5 17. Bxg7 Nxg7 $11) 14. Be3 dxe5
15. Nb3 $1 Nxb3 16. axb3 Qc8 (16... c6 17. Ne4) 17. Bxb7 Qxb7 18. Qxd7 Nf6 19.
Qb5 Qc8 $11) (13. Rb1 {might be an interesting suggestion. The direct
continuation} g5 $6 (13... Qc8) (13... Ne6 $5) 14. Bc1 {leaves Black with a
weak f5-square, but Black has several safer options.}) (13. Nb3 Ne6 14. Be3 Ng5
{is good for Black.}) 13... Qc8 $6 ({The critical move was} 13... Nfxe4 $5 {
. I intended to play} 14. Nxe4 Bxd4 {and then somehow attack the Bd4, but
Black can probably equalise.} {The line} 15. Qd2 $1 (15. Rad1 Nxe4 16. Rxd4 Ng5
{is good for Black.}) 15... Bg7 (15... Rxe4 16. Rxe4 $1 (16. Bxe4 $2 Qf6 {
leaves White with too many hanging pawns and pieces.}) 16... Nxe4 17. Qxd4 Ng5
18. Bd2 $1 c5 19. Qc3 Bc6 20. h4 Ne6 21. Bxc6 bxc6 22. Bxh6 $36 {has been
played in several correspondence games.}) 16. Nxc5 dxc5 17. Rxe8+ Bxe8 18. Bxh6
Qxd2 19. Bxd2 {leaves White on the better side of equality. This has also been
played before.}) 14. Kh2 Ne6 {The alternatives do not lead to equality, either:
} (14... Ng4+ 15. hxg4 Bxd4 16. Bxh6 Bxg4 17. Qd2 $14) (14... Nfxe4 15. Bxe4 $1
Bxd4 16. Bxg6 $1 Rxe1 (16... fxg6 $2 17. Qxg6+ Kh8 18. Qxh6+ Kg8 19. Qg6+ Kh8
20. Nd5 {gives White a crushing attack.}) 17. Bh7+ (17. Rxe1 $2 fxg6 18. Qxg6+
Bg7 19. Nd5 Qf8 {is fine for Black.}) 17... Kg7 18. Rxe1 Bxc3 19. bxc3 Bxh3 (
19... Qh8 {might be a minor improvement, but White remains better after} 20.
Bf5 Re8 $1 21. Be3 $1 $14 {as Black's king is fairly weak.}) 20. g4 $1 Bxg4 21.
Rg1 $1 h5 ({The natural retreat} 21... Kh8 {loses to} 22. Be3 $3 f5 23. Bg6 $1
Ne6 24. Bxf5 $18 {.}) 22. f3 Qh8 23. Bf5 {for example} Kf8 $6 (23... Re8 24.
Kh1 $1 Kf6 25. fxg4 hxg4+ 26. Bh2 $16 {gives Black more chances for a
successful defence.}) 24. fxg4 hxg4+ 25. Bh7 $1 $16 {. What an amazing
comeback!}) 15. Nxe6 Bxe6 16. Nd5 (16. b3 g5 17. Be3 (17. Bd2 $5 g4 18. hxg4
Nxg4+ 19. Kg1 {leaves the f2-pawn vulnerable. Black should probably play} Qd8 {
with some counterplay. The queen could eventually go to h5.}) 17... g4 18. h4
Nd7 {is slightly better for White, but Black will play ...Ne5, ...Kh7 with a
solid position. Especially the Ne5 would be fairly strong.}) 16... Nd7 17. Rad1
(17. Bd2 {would be too refined for me.}) 17... Ne5 $6 ({I was somewhat afraid
of} 17... c6 18. Ne3 ({The computer also suggests} 18. Nc3 Ne5 19. Bc1 $3 Nxc4
20. b3 Nb6 21. Rxd6 $14 {, but this is too deep for me. Perhaps not only for
me.}) 18... Ne5 19. Rxd6 $6 Bxh3 $1 {with unclear play. Still, engines show
that moves like 19.g4 or 19.b3 enable White to maintain the edge.}) 18. Bd2 {
It was hard for me to retreat my bishop, but I was afraid of the g6-g5-g4
advance and also wanted to put my bishop on c3.} (18. Bc1 $1 {eyeing the
d6-pawn, might have been stronger. A sample line} c5 19. Ne3 Nc6 $1 20. f4 (20.
Rxd6 Nd4) 20... Nd4 21. Qf2 {is better for White, who might consider the f4-f5
advance. Black's knight is nicely placed, but cannot undertake much. On the
other hand, Black's king remains vulnerable.}) 18... c6 $6 ({The engine
asmFish suggests} 18... c5 $5 {with an idea} 19. Bc3 Bxd5 $1 20. Rxd5 (20. exd5
$14) 20... Qc7 $14 {and 21...Nc6. The exchanges and knight's shift to d4 would
have brought Black closer to equality.}) 19. Ne3 b5 $1 {Black needs to create
counterplay.} 20. Bc3 $1 (20. cxb5 $2 cxb5 {would bring Black the desired
counterplay, but}) (20. c5 dxc5 21. f4 {cost me some time. I rejected it on
account of} Nd7 ({Instead,} 21... Nc4 $1 22. Nxc4 bxc4 $14 {might relieve the
positional pressure. Black's tripled pawn is weak, but it controls some
squares and might help to organise the counterplay against the b2-pawn. White
remains better after} 23. e5 {followed by 24.Bc3, but the situation is not so
clear.}) 22. f5 Bxa2 23. b3 Bxb3 24. Qxb3 c4 {with counterplay, but this
position is also better for White.}) 20... bxc4 {The best practical chance.}
21. Rxd6 $6 ({The most straightforward option was} 21. f4 $6 Nd3 22. Bxg7 Kxg7
(22... Nxe1 $2 23. Qc3 Nxg2 24. Bxh6 f6 25. Qxf6 $18) 23. Re2 {, but there are
some complications. I was mostly afraid of} d5 $6 {, having missed something
like} 24. exd5 cxd5 25. Nxd5 Bxd5 26. Bxd5 Rxe2+ 27. Qxe2 Rb8 (27... Qe8 $1 28.
Qd2 Rc8 29. b3 $16) 28. b3 $1 $18) ({The strongest move was probably} 21. Re2
$1 $16 {. The threat (f2-f4) is once again stronger that its execution! I was
not sure about} d5 $2 {, but} 22. exd5 cxd5 23. Nxd5 Bf5 24. Qd2 {is just
winning, as Black has too many tactical weaknesses.}) 21... Qc7 $6 ({The
knight's sortie} 21... Nd3 $1 {could have changed the course of the game.} {
I relied on} 22. Bxg7 $2 ({White remains much better after the correct} 22. Rd1
$1 Bf8 23. e5 $1 Bxd6 24. exd6 Rd8 25. b3 $1 Rxd6 26. bxc4 Qd7 27. c5 $1 Nxc5
28. Rxd6 Qxd6 29. Bb4 $16 {, but this line is anything but easy. White also
has several alternatives leading to a slight advantage, but it would be hard
for me to handle the position after 21...Nd3.}) 22... Nxe1 23. Qc3 {having
missed} Kh7 $1 {. White has many options, but no way to an advantage. A sample
computer line goes} 24. Nf5 $5 Bxf5 25. exf5 Qxf5 (25... Nxg2 $2 26. fxg6+ fxg6
27. Bxh6 $3 Kxh6 $2 28. Qf6 Rg8 29. Kxg2 {with the threat of 30.Rd4 is bad for
Black, though this is not easy to see.}) 26. Rf6 Qd3 27. Rxf7 Kg8 28. Qf6 Qf5
29. Bxh6 Qxf6 30. Rxf6 Nxg2 31. Kxg2 Re2 $11 {. It is not the simplest line...}
) 22. Red1 Rad8 23. Rxd8 Rxd8 24. f4 {Now Black is losing his c4-pawn.} Rxd1 (
24... Rd3 25. Rxd3 Nxd3 26. Bxg7 Kxg7 27. Nxc4 $16) 25. Qxd1 Qb6 {This attempt
to muddy the waters fails, but the alternative} (25... Nd7 26. f5 gxf5 27. exf5
Bd5 $16 {was not very inspiring. Well, there is no mate on g7 after} 28. Bxd5
cxd5 29. Nxd5 Qc5 $8 {, but White has even better ways how to take a pawn.})
26. Qd2 ({I spent too much time deciding between the text and} 26. Qe2 {
. Both moves are good, whereas the time trouble is not.}) 26... Nd3 27. Bxg7
Kxg7 28. f5 gxf5 29. exf5 Bd5 30. Ng4 $1 {The point.} Kf8 31. Qxh6+ Ke7 32.
Qf6+ Kf8 $2 $138 (32... Kd7 {was essential.} 33. Bxd5 (33. b3 $5 {is not a
move I would normally play in time trouble.}) 33... cxd5 34. Qxf7+ Kc8 {
. I understood that the position would be winning but did not see anything
convincing, here. I would have given a couple of checks to gain some time.} 35.
Qe8+ (35. Qg8+ Kc7 36. Qg7+ Kd6 $1 {is not completely clear, yet.} (36... Kc8
$6 37. h4 $1 $18)) ({I noticed that} 35. Qxd5 $2 Qxb2+ 36. Qg2 c3 $1 37. Ne3 $2
Ne1 $1 {would not be a good way to conclude the game.}) (35. Qe6+ $6 Qxe6 36.
fxe6 {might also be winning, as White will be able to exchange the pawn on e6
for d5.}) 35... Kc7 36. Qe7+ Kc8 37. h4 $1 Qxb2+ 38. Kh3 Qb1 39. Ne3 $18 {
is just winning, but the key move 37.h4! had not even crossed my mind.}) 33.
Qd6+ $1 Kg8 34. Nf6+ ({Of course I saw} 34. Qh6 $1 $18 {, but it seemed to me
that I could win even quicker.}) 34... Kg7 35. Ng4 ({At this point I realised
that there would be no mate after} 35. Ne8+ {(or 35.Nh5+)} Kh7 {, as Black can
protect the g7-square by taking on b2, at the same time threatening mate in
one.}) 35... Kg8 36. Qh6 {and Black resigned. Finally, I would like to thank
IM Michal Konopka for some inspiring analyses which helped me to prepare
better for this game.} 1-0